| 000 | 00833nam a2200253 a 4500 | ||
|---|---|---|---|
| 999 |
_c2204 _d2204 |
||
| 008 | 200220s2017 ii ad||| m|||a00| 0 eng d | ||
| 040 |
_aKO _beng |
||
| 041 | 0 | _aeng | |
| 044 | _aii | ||
| 082 | 0 | 4 |
_223 _a378.242 _bPRM1516 |
| 100 | 1 |
_aSadasivan, Unni _eResearcher |
|
| 245 | 1 | 0 |
_aExport Analysis Of Coir and Coir Products From India / _cUnni Sadasivan ; Guide Dr. Jayan P. A. |
| 260 |
_aKochi : _bIndian Maritime University, _c2017 |
||
| 300 |
_a65 p. : _bill., charts ; _c29 cm. |
||
| 490 | 0 |
_aMBA Project 2015-17 ; _v1505305016 |
|
| 502 | _aProject (MBA)–Indian Maritime University. School of Maritime Management, 2017. | ||
| 650 | 0 | _aCoir industry | |
| 650 | 0 | _aExport controls | |
| 655 | 7 |
_2lcsh _aDissertations, Academic _y2017 |
|
| 700 | 1 |
_aP. A., Jayan _cDr. _eGuide |
|
| 904 | _aReshma_R | ||
| 942 | _cTH | ||